Datum a čas kvízu
40.5
Celkem bodů
Celkový počet nahraných bodů na tomto kvízu bez doplňovacích otázek.
1.
Pořadí na kvízu
Konečné umístění týmu na tomto kvízu.
Zaznamenané odpovědi
| # | Otázka | Odpověď | Body | Výsledky |
|---|---|---|---|---|
| 1. | Kvůli nejistým dodávkám plynu... | C | 1 | |
| 2. | Velkolepé čtyřdenní oslavy pla... | medvídek (Paddington) | 1 | |
| 3. | V neděli došlo v pařížském Lou... | dort | 1 | |
| 4. | V úterý jsme se dozvěděli, že... | Orsay | 1 | |
| 5. | Britský fotbalový fanoušek dos... | Alex Ferguson | 1 | |
| 6. | V dalším díle této tematické s... | C | 1 | |
| 7. | Paulinie nápojná je známá hlav... | guarana | 0 | |
| 8. | Tento jihoamerický dravý pták... | kondor | 1 | |
| 9. | S podobně vypadajícím zvířetem... | ocelot | 1 | |
| 10. | Broméliovité je čeleď rostlin... | A | 1 |